Národ a stát v diskusi o budoucnosti americké a evropské identity

Bibliographic Details
Main Author: Goňcová, Marta, 1950- (Author)
Format: Article
Language:Czech
ISBN:9788055500003
Subjects:

MARC

LEADER 00000nab a2200000 a 4500
001 vtls010075634
003 SK-MaSNL
005 20260303195814.0
008 100316c2009 xo r m 000 00cze
015 |a SNBRA2010/03SVKPO 
038 |a SVKPO 
040 |a SVKPOCL  |c slo  |e AACR2 
041 0 |a cze 
044 |a xo  |c SK 
080 |a 316.323  |2 2001 
080 |a 321.01  |2 2001 
080 |a 342.1  |2 2001 
080 |a 316.347  |2 2001 
080 |a 316.72/.75  |2 2001 
100 1 |a Goňcová, Marta,  |d 1950-  |4 aut  |9 700656 
245 1 0 |a Národ a stát v diskusi o budoucnosti americké a evropské identity  |c Marta Goňcová 
504 |a Bibliogr. odkazy 
650 0 7 |a národ a štát  |2 svkpocl  |9 599736 
650 0 7 |a národná identita  |2 svkpocl  |9 1665 
650 0 7 |a národná identita, európska  |2 svkpocl  |9 1229245 
650 0 7 |a národná identita, americká  |2 svkpocl  |9 1229246 
773 0 |t Medzikultúrny dialóg : stav - kontexty - perspektívy / Daniel Dobiaš, Marcela Gbúrová, Irina Mattová (eds.)  |d Prešov : Prešovská univerzita ; Filozofická fakulta, 2009  |g S. 95-111  |z 9788055500003 
852 |a SVKPO  |b KIS3GCP 
958 |a SK 
958 |a NB 
958 |a CZ 
999 |c 2164947  |d 2166877